000 00319nam a22001337a 4500
008 180918b xxu||||| |||| 00| 0 eng d
020 _a0801615569
041 _aeng
080 _a610
100 _a5
101 _aANE
245 _aAnesthesia Equipment Principles And Applications
_cEhrenweth,J
942 _2udc
_cBK
999 _c47956
_d47956